000 00520nam a2200145Ia 4500
008 100122s9999 xx 000 0 und d
082 _b12636
_aNill
100 _aपाटील ल मा
245 _aमाझे कुटुंब मोठे झाले
260 _bजगताप-कारले प्रकाशन
_c1964
300 _a222
630 _aमाझे कुटुंब मोठे झाले
730 _aमाझे कुटुंब मोठे झाले
942 _cBOOK
999 _c403740
_d403737